00884nam a2200205Ia 4500003000900000008004100009020002200050040001600072080002300088111011000111245021700221260004800438300002300486650002500509650003100534650002800565700002600593700002900619700003000648IN-BaIIA211028s9999 xx 000 0 eng d a978-0-521-88989-6 cIIA Library a082.2:52bIAU-S258 aSymposium of the International Astronomical Union on the Ages of Starsn258thcBaltimored2008 Oct. 13-17 4aThe ages of Starsbproceedings of the 258th Symposium of the IAU on the ages of Stars, held in Baltimore, Maryland, USA, October 13-17, 2008cedited by Eric E. Mamajek, David R. Soderblom, and Rosemary F.G. Wyse. aCambridgebCambridge University Pressc2009 a[various pagings.] aStars-Age-Congresses aStars-Evolution-Congresses aWhite dwarfs-Congresses aMamajek, Eric E., ed. aSoderblom, David R., ed. aWyse, Rosemary F. G., ed.